[Event "Excelsior Cup"]
[Site "Gothenburg"]
[Date "2001.??.??"]
[Round "9"]
[White "Kallio, Heikki"]
[Black "Marin, Mihail"]
[Result "0-1"]
[WhiteElo "2424"]
[BlackElo "2604"]
[Annotator "Marin,M"]
[PlyCount "60"]
[EventDate "2001.01.08"]
[EventType "tourn"]
[EventRounds "9"]
[EventCountry "SWE"]
[EventCategory "7"]
[SourceTitle "CBM 081"]
[Source "ChessBase"]
[SourceDate "2001.03.20"]
[SourceVersion "1"]
[SourceVersionDate "2001.03.20"]
[SourceQuality "1"]

1. d4 Nf6 2. c4 e6 3. Nc3 Bb4 4. f3 O-O 5. e4 (5. a3) 5... d5 6. e5 (6. cxd5
exd5 7. e5 Ne8 8. f4 c5 9. Nf3 Nc6 10. Be3 Bg4 (10... Nc7 11. Ke2 Bg4) 11. Be2
Nc7 12. O-O Ne6) 6... Nfd7 7. cxd5 exd5 8. f4 (8. a3 Bxc3+ 9. bxc3 f6 $32) 8...
c5 9. Nf3 Nc6 10. a3 $6 (10. Be3) 10... Ba5 11. Bd3 $2 (11. Be3) 11... cxd4 12.
Bxh7+ Kxh7 13. Ng5+ Qxg5 $1 (13... Kg8 14. Qh5 Nf6 (14... Qxg5 15. Qxg5) 15.
exf6 Bf5 $13) 14. fxg5 dxc3 15. O-O (15. b4 Bb6 16. e6 Nde5 17. exf7 Rxf7 18.
Qh5+ Kg8 19. g6 Nxg6 (19... Nd3+ $19) 20. Qxg6 Bf5 $19) 15... Ndxe5 16. h4 $6 (
16. bxc3 $142 Bb6+ 17. Kh1 Be6 $17) 16... Bg4 (16... d4 17. Rf4 $5) 17. Qxd5
Rad8 18. Qe4+ Kg8 19. bxc3 Rfe8 20. Qc2 Bh5 (20... Bb6+ 21. Kh1 Ng6) 21. Bf4
Nd3 22. Bg3 Bb6+ 23. Kh1 Re3 24. Kh2 Re2 25. Qa4 Nc5 26. Qb5 $6 (26. Qf4 $142
$8 Ne6 (26... Rdd2 27. Rf2) 27. Qf5 Rdd2 28. Qh3 $17) 26... Rdd2 27. Rae1 (27.
Rg1 Ne6) 27... Rxg2+ 28. Kh3 Bc7 $1 (28... Rxg3+ 29. Kxg3 Bc7+ 30. Rf4 Ne6 31.
Rxe6 Bxf4+ (31... fxe6 32. Qxb7) 32. Kxf4 fxe6 33. Qxb7 $17) 29. Re8+ Kh7 30.
g6+ (30. Qb1+ Bg6) (30. Bxc7 Bg4#) (30. Re3 Rh2+ 31. Bxh2 Rxh2#) 30... fxg6 0-1

[Event "GBR-ch 100th"]
[Site "Torquay"]
[Date "2013.08.01"]
[Round "4"]
[White "Gormally, Daniel"]
[Black "Kosten, Anthony C"]
[Result "0-1"]
[WhiteElo "2496"]
[BlackElo "2458"]
[Annotator "Martin,A"]
[PlyCount "42"]
[EventDate "2013.07.29"]
[EventType "swiss"]
[EventRounds "11"]
[EventCountry "ENG"]
[SourceTitle "EXT 2016"]
[Source "ChessBase"]
[SourceDate "2015.10.08"]
[SourceVersion "1"]
[SourceVersionDate "2015.10.08"]
[SourceQuality "1"]

{The art of defence is often neglected in favour of the study of tactics or of
opening theory. It is never pleasant to have to defend, but we will all be
called upon at some stage to do so. In this coming game Tony Kosten shows
wonderful calm and defensive excellence in beating off a strong attack by
Danny Gormally.} 1. d4 Nf6 2. Nf3 e6 3. g3 d5 4. c4 Bb4+ 5. Nc3 dxc4 6. Bg2 Nc6
7. O-O O-O 8. Re1 {There is no immediate prospect of regaining the pawn, so
White readies himself for e2-e4, after which he has compensation in the form
of a big centre.} (8. a3 {is a luxury here:} Be7 9. e4 Na5 $1 10. Qe2 (10. Be3
c5 (10... c6 $1 11. Ne5 Nd7 12. Qg4 Nxe5 13. dxe5 Qc7 14. f4 b6 15. Rad1 Nb3
16. Qe2 Ba6 17. g4 Rad8 $17) 11. dxc5 Nd7 12. Qe2 Bxc5 13. Rad1 Bxe3 14. Qxe3
Qb6 15. Qe2 Nc5 $15 {Korobov,A (2670)-Vocaturo,D (2570)/Moscow 2011}) 10... c6
$1 11. Bf4 b5 {Why surrender the extra pawn?} 12. Rad1 Bb7 13. Ne5 Re8 14. g4
Nd7 15. Nf3 Qb6 16. Rfe1 Rad8 17. e5 Nb3 18. Be3 c5 19. d5 exd5 20. Nxd5 Bxd5
21. Rxd5 Nf8 22. Red1 Ne6 23. Qc2 Nbd4 24. Nxd4 cxd4 25. Bxd4 Nxd4 26. R1xd4
Qxd4 27. Rxd4 Rxd4 28. e6 fxe6 29. Be4 Kh8 30. Bxh7 Rxg4+ 31. Kf1 Rf8 32. Qe2
Rgf4 33. Bc2 Bg5 34. Qh5+ Bh6 35. Qg6 Rxf2+ 36. Kg1 Rxc2 {0-1 Ernst,S (2556)
-Movsesian,S (2688)/Wijk aan Zee 2013}) 8... Rb8 9. e4 b5 10. e5 ({Opening a
queenside file is a transaction likely only to benefit Black:} 10. a4 a6 11.
axb5 axb5 12. Bf4 Na5 $15) 10... Nd5 11. Ng5 h6 (11... Be7 12. Qg4 h6 13. Nge4)
12. Nge4 Be7 13. Qh5 {I am guessing Gormally's theory ran out at this point
and he had to choose between 13.Qh5 and 13.Qg4.} (13. Qg4 {is more pointed:} f5
(13... Kh7 $1 {may be best of all.}) (13... Kh8 $6 14. Qh5 Nxd4 15. Bxh6) 14.
Qg6 $1 Qe8 (14... Ndb4 15. Bxh6 Rf7) 15. Nf6+ (15. Qxe8 Rxe8 16. Nxd5 fxe4 (
16... exd5 17. Nf6+) 17. Bxe4 Nxd4 18. Nxc7 (18. Nxe7+ Rxe7 19. Be3 c5) 18...
Rd8) 15... Nxf6 16. Qxe8 Nxe8 17. Bxc6 a6 18. d5 $13) 13... Nxd4 $1 14. Bxh6 {
The main point of putting the queen on h5 had to be this sacrifice. It looks
very frightening, but Kosten is able to cover all the squares.} ({The
alternative} 14. Rd1 {was unconvincing:} c5 15. Nd6 Bxd6 16. exd6 Re8 17. Nxd5
exd5 18. Qxd5 Rb6 $17) 14... gxh6 15. Rad1 {After long thought.} (15. Qxh6 {
is repelled by} Nf5 16. Qh5 b4 $1 {and White cannot break through:} 17. Qg4+ (
17. Ne2 Ng7 18. Qh6 Re8 19. g4 Rb6 20. Rad1 a5 21. N2g3 Bd7 22. Nh5 Nxh5 23.
gxh5 Bf8) 17... Ng7 18. Nd1 Rb5 $1) 15... c5 {Just by strengthening his
central position, Black indicates that he does not think that White is able to
commit enough resources quickly enough to justify his sacrifice. He is right!}
16. Rxd4 (16. Qxh6 {is again met comfortably by} Nf5 17. Qh5 Ng7 18. Qf3 Bb7
19. Nxb5 Bc6 20. Na3 Rxb2 21. Nxc4 Rb4 22. Rc1 Nb6 23. Nf6+ Bxf6 24. Qxc6 Rxc4
$17) 16... cxd4 17. Qxh6 Re8 $1 {Simple, effective and calm. Black vacates f8
both for defence and the possible evacuation of his king.} 18. Nd6 {There
seems to be no way to finish the attack.} (18. Nf6+ Bxf6 19. Re4 {is met
cold-bloodedly by} Bg5 $3 20. Rg4 dxc3 21. Rxg5+ Qxg5 22. Qxg5+ Kf8 {and Black
remains with the advantage:} 23. Bxd5 (23. Qh6+ Ke7 24. bxc3 Bb7 25. Qh4+ Kd7)
23... cxb2 $1 24. Qh6+ Ke7 25. Qf6+ Kd7 26. Qxf7+ Kd8 27. Be4 Rb7 28. Qf6+ Rbe7
29. h4 Kc7 $17) (18. Nxd5 exd5 19. Nf6+ Bxf6 $19) 18... Bf8 $1 19. Qh5 (19. Qh3
Bxd6) 19... Bxd6 20. Re4 (20. exd6 dxc3 {seems winning for Black:} 21. Bxd5 Qf6
$1 (21... cxb2 22. Bc6 Qf6 $1 23. Bxe8 c3 24. Bxf7+ Qxf7 25. Qg5+ Qg7 26. Qd8+
Kh7 27. Qh4+ Kg6 28. Qg4+ Kf7 29. Qh5+ Qg6) 22. Bc6 cxb2 23. Bxe8 c3) 20...
Bxe5 $1 {A final twist.} 21. Rxe5 (21. Nxd5 Bg7 22. Rg4 (22. Nb4 Bb7 23. Rf4 f5
) 22... exd5) (21. Qxe5 dxc3 22. Rg4+ Kf8 $19) 21... dxc3 {Gormally resigned,
seeing 22.Rg5+ Kf8 23.Bxd5 cxb2 24.Be4 Bb7 25.Bh7 Qd2!  Fine defence!} 0-1

[Event "EU-ch 10th"]
[Site "Budva"]
[Date "2009.03.11"]
[Round "6"]
[White "Cheparinov, Ivan"]
[Black "Meier, Georg"]
[Result "1/2-1/2"]
[WhiteElo "2679"]
[BlackElo "2608"]
[Annotator "Meier,Georg"]
[PlyCount "109"]
[EventDate "2009.03.06"]
[EventType "swiss"]
[EventRounds "11"]
[EventCountry "MNE"]
[SourceTitle "CBM 130"]
[Source "ChessBase"]
[SourceDate "2009.05.20"]
[SourceVersion "1"]
[SourceVersionDate "2009.05.20"]
[SourceQuality "1"]

{Ich freute mich auf die Partie gegen Cheparinov, da ich die Chance hatte,
mein erstes "Mini-Match" gegen einen Top-GM für mich zu entscheiden (Dabei ist
es erst das 2.te; gegen Mickey Adams ging es 1:1 aus :) ) Bei der Olympiade
war ich mit Weiß in Führung gegangen und erwartete voller Neugier was mich bei
Ivans Aufschlag erwarten würde.} 1. d4 e6 {Vielleicht lieber doch Französisch?}
2. c4 {Nein!} Nf6 3. Nc3 Bb4 4. Nf3 c5 5. g3 cxd4 ({Mit} 5... Nc6 6. Bg2 Ne4 7.
Bd2 Bxc3 8. bxc3 O-O {geriet ich 2 Jahre vorher in Schwierigkeiten.} 9. Be3 $1
cxd4 10. Nxd4 d5 11. Qc2 Qa5 12. O-O Qxc3 13. Bxe4 Nxd4 14. Bxd4 Qxd4 15. cxd5
exd5 16. Bxh7+ Kh8 17. Rfd1 Qe5 18. Bd3 $16 {1-0 Kacheishvili,G (2587)-Meier,G
(2506)/Dresden 2007/CBM 118 (45)}) 6. Nxd4 O-O 7. Bg2 d5 8. cxd5 Nxd5 9. Qb3
Nc6 10. Nxc6 bxc6 11. O-O {Ich hatte die Entwicklungen in der Hauptvariante
nur oberflächlich verfolgt, den ich erwartete nicht allzu bald mit dem
g3-System konfrontiert zu werden. Ohne gezielte Vorbereitung ist es sicherlich
keine gute Idee, sich mit Cheparinov auf ein prinzipielles Eröffnungsduell
einzulassen, also entschied ich mich, eine Nebenvariante auszuprobieren.} Rb8
$5 (11... Qa5 12. Bd2 Bxc3 13. bxc3 Ba6 14. Rfd1 Qc5 15. e4 Bc4 16. Qa4 Nb6 17.
Qb4 Qh5 {Wird hier für gewöhnlich runtergespult. Nach der Stamm-Partie aus dem
WM-Match ist nun} 18. Re1 {in Mode} c5 19. Qa5 Rfc8 20. Be3 Be2 21. Bf4 e5 22.
Be3 Bg4 23. Qa6 f6 24. a4 Qf7 25. Bf1 Be6 26. Rab1 c4 27. a5 Na4 28. Rb7 Qe8
29. Qd6 {1-0 Kramnik,V (2772)-Anand,V (2783)/Bonn 2008/CB45}) 12. Na4 Ba6 (
12... Bd6 13. Qc2 Be5 14. a3 Qf6 15. Rb1 Rd8 16. Bd2 Bd7 17. b4 Be8 18. Nc5 $16
{1-0 Lautier,J (2682)-Cheparinov,I (2635)/Turin 2006/CBM 113 (61)}) 13. Qc2 Bb5
14. a3 Be7 15. Bf3 {Erst nach der Partie fiel mir auf, dass Lautier diese Idee
zu seiner Partie gegen Ivan im Informator preisgegeben und die Stellung mit +/
= bewertet hatte!} (15. Rd1 $6 Qa5 16. Nc5 $140 Bxe2) 15... e5 $1 {Einfach und
stark! Gegen f7-f5 nebst e4 kann sich Weiß nicht wehren.} ({Die Idee von Lf3
wird nach} 15... Qa5 16. Nc5 Bxe2 17. b4 {ersichtlich.}) 16. Rd1 (16. Nc3 Bc4
17. Qa4 Bb3 18. Qxa7 f5 $44) 16... Qa5 17. b3 f5 18. Bb2 (18. Bd2 Qa6 19. Bb4
Bxb4 20. axb4 e4) 18... e4 19. Bg2 {Der Bg2 ist nun für eine Weile vom Spiel
ausgeschlossen. Dass ich die übrigen weißen Leichtfiguren abtauschen sollte,
um die Oberhand am Damenflügel zu gewinnen, war klar, allerdings fand ich
nicht die richtige Ausführung.} Bxa4 $6 {Ursache der fehlerhaften
Abtausch-Kombi war ein Rechenfehler.} ({Nach} 19... Bf6 $142 20. Bxf6 Bxa4 $1
21. bxa4 Rxf6 {hätte Schwarz die angenehmere Stellung.}) 20. bxa4 Rxb2 $2 (
20... Bf6 21. Qxc6 Ne3 $1 22. Qe6+ Kh8 23. Bxf6 Nxd1 (23... Rxf6 24. Rdb1) 24.
Bxg7+ Kxg7 25. Rxd1 Rb7) 21. Qxb2 Bf6 22. Qc2 Bxa1 23. Qxc6 Nb6 (23... Nc3 24.
Qc4+ {Dieses Zwischenschach hatte ich übersehen und deshalb Dxc6 kaum beachtet!
}) 24. Qe6+ Kh8 25. Qe7 Kg8 26. Qe6+ Kh8 27. Qe7 Kg8 28. Rxa1 Qxa4 {Nachdem
die Stütze des Springers verloren gegangen ist, verbleibt Schwarz mit der
langfristig schlechteren Leichtfigur und einem offenen König. Das geringe
verbliebene Material verspricht Schwarz dennoch gute Remischancen.} 29. Rc1 Rf7
30. Qd8+ Rf8 31. Qd6 Rf6 32. Qd8+ Rf8 33. Qe7 Rf7 34. Qc5 Rf8 35. Qe5 Rf7 36.
g4 $2 {Diese Liquidierung kam mir sehr entgegen. Weiß sollte lieber die
Stellung stabilisieren und dann allmählich seinen Läufer aktivieren. Schon bei
der Olympiade kam mir diese Schwäche in Cheparinovs Spiel zugute: Er strebt
auch dann zuweilen kompromisslos nach Aktivität, wenn es seine Stellung
überhaupt nicht erfordert!} ({Ein Kramnik, Leko oder Karpov würde zweifellos} 
36. Qb2 $1 Rd7 37. e3 $14 {spielen.}) 36... Qxa3 37. Rc5 Qa2 $1 {Mit ein paar
genauen Zügen gleicht Schwarz aus.} 38. gxf5 Qxe2 39. Qxe4 Re7 $1 {Mit
Remisangebot...} (39... Qxe4 40. Bxe4 Re7 41. f3 {Ist zwar auch nicht
vorteilhaft für Weiß, würde aber den Bauernabtausch erschweren und die Partie
wohl unnötig verlängern.}) 40. Qxe2 Rxe2 41. Bf3 Re7 42. Kg2 Kf7 43. Kg3 g6 44.
fxg6+ hxg6 45. Kf4 Kg7 46. Be4 Nd7 47. Rg5 Nf8 48. Ke3 Kf6 49. Ra5 Kg7 50. Kf4
Nh7 51. h4 Rf7+ 52. Kg3 Nf6 53. Bf3 Kh6 54. Ra6 Nh5+ 55. Bxh5 {In Sofia macht
man eben 16 Züge mehr als in Deutschland...!} 1/2-1/2

[Event "Metz op 30th"]
[Site "Metz"]
[Date "2012.04.18"]
[Round "7"]
[White "Colovic, Aleksandar"]
[Black "Eingorn, Vereslav S"]
[Result "1/2-1/2"]
[WhiteElo "2436"]
[BlackElo "2569"]
[Annotator "Metz Alekhine/Primel,D"]
[PlyCount "54"]
[EventDate "2012.04.14"]
[EventType "swiss"]
[EventRounds "9"]
[EventCountry "FRA"]
[SourceTitle "EXT 2013"]
[Source "ChessBase"]
[SourceDate "2012.11.22"]
[SourceVersion "1"]
[SourceVersionDate "2012.11.22"]
[SourceQuality "1"]

1. d4 e6 2. Nf3 Nf6 3. c4 Bb4+ 4. Nc3 c5 5. g3 O-O 6. Bg2 cxd4 7. Nxd4 d5 8.
cxd5 Nxd5 9. Qb3 Bc5 (9... Qa5 {Plus courant}) (9... Qb6 10. Bxd5 exd5 11. Be3
Nc6 12. Nxc6 Qxc6 13. Qxb4 d4 14. f3 dxe3 15. O-O Be6 16. Rfd1 Rad8 17. Qa5 b6
18. Qxa7 Rd2 19. Rxd2 exd2 20. Qe7 Bxa2 21. Qe3 Re8 22. Qxd2 Qc5+ 23. Kg2 Bc4
24. Ne4 Qe7 25. Qd6 Qb7 26. Re1 h6 27. Kf2 Bd5 28. Nc3 Bc4 29. Ra1 Rc8 30. g4
Re8 31. h4 b5 32. b4 Qc8 33. Ra7 Rd8 34. Qb6 Re8 35. Qd6 Rd8 36. Qe7 Rd2 37.
Qe4 Rd8 38. Qe5 Qc6 39. Rc7 {Vitiugov,N (2694)-Georgiev,K (2643) Caleta 2013
1-0 (77)}) 10. Nc2 Nc6 $146 (10... Nxc3 11. Qxc3 Qb6 12. Be3 Na6 13. Rd1 Rb8
14. O-O Bxe3 15. Nxe3 f6 16. a3 Rf7 17. b4 Bd7 18. Nc4 Qc7 19. Qb3 Re7 20. Rc1
Rc8 21. Qe3 Qb8 22. Na5 Rxc1 23. Rxc1 b6 24. Nc6 Bxc6 25. Rxc6 Nc7 26. Qd3 Qe8
27. Rd6 Qg6 28. Be4 f5 29. Rd8+ Kf7 30. Bc6 Qf6 31. Kg2 h6 32. e4 Qe5 33. f4
Qb2+ 34. Kh3 Qc1 35. Rd6 g6 36. exf5 gxf5 37. Bf3 Qb2 38. Bh5+ Kg7 39. Rd4 Nd5
40. Bf3 {Rambaldi,F (2308)-Kovacevic,A (2560) Geneve 2012 1/2-1/2}) 11. Nxd5
exd5 12. Qxd5 Qa5+ 13. Qd2 Qa6 14. O-O Rd8 15. Qc3 Bd4 16. Nxd4 Nxd4 17. Qc7
Nxe2+ 18. Kh1 Be6 19. Be3 Rd7 20. Qe5 Rad8 21. a3 Nd4 22. Rad1 Nc6 23. Rxd7
Rxd7 24. Qc3 Rd3 25. Qc5 Bd5 26. Rc1 Bxg2+ 27. Kxg2 h6 1/2-1/2

[Event "World Women-ch k.o."]
[Site "Teheran"]
[Date "2017.02.11"]
[Round "1.1"]
[White "Zhukova, Natalia"]
[Black "Khurtsidze, Nino"]
[Result "0-1"]
[WhiteElo "2447"]
[BlackElo "2383"]
[Annotator "Mikhalchishin,A"]
[PlyCount "62"]
[EventDate "2017.02.11"]
[EventType "k.o."]
[EventRounds "7"]
[EventCountry "IRI"]
[SourceTitle "CBM 177"]
[Source "ChessBase"]
[SourceDate "2017.03.16"]
[SourceVersion "1"]
[SourceVersionDate "2017.03.16"]
[SourceQuality "1"]
[TimeControl "6000+1365"]
[WhiteClock "0:00:49"]
[BlackClock "0:43:15"]

1. d4 Nf6 2. c4 e6 3. Nc3 Bb4 4. f3 d5 5. a3 Bd6 $5 ({In my opinion the old
way is better} 5... Bxc3+ 6. bxc3 b6) 6. e4 dxe4 7. fxe4 e5 8. d5 b5 $5 {
A sharp way, but simpler methods are possible:} (8... c6 9. Nf3 cxd5 10. cxd5
Bg4 11. h3 Bxf3 12. Bb5+ Nfd7 13. Qxf3 O-O 14. O-O a6 15. Bd3 b5 16. a4 bxa4
17. Nxa4 {Yakovich,Y (2566)-Zvjaginsev,V (2663)/Novokuznetsk 2008/CBM 126 (50),
with clearly better play.}) (8... O-O 9. Nf3 Bg4 10. h3 Bh5 11. Bd3 Bc5 12. g4
Bg6 13. Bc2 Re8 14. Bg5 h6 15. Bh4 c6 16. b4 Be7 17. O-O a5 18. Nxe5 axb4 19.
Nxg6 fxg6 20. e5 Nfd7 21. Bxe7 Qxe7 22. Bxg6 bxc3 23. Bxe8 Qxe8 24. e6 Nf6 {
Mamedyarov,S (2764)-Karjakin,S (2767)/Tashkent 2014, with very sharp play.}) 9.
Nf3 ({Possible is of course} 9. cxb5) 9... bxc4 10. Bxc4 O-O 11. Bg5 h6 12. Bh4
Bg4 13. h3 Bh5 14. g4 $5 ({A much safer and logical choice is} 14. O-O Nbd7 15.
Qe2) 14... Bg6 15. Qe2 Nbd7 16. Rg1 ({Once more safer} 16. O-O {would be safer.
}) 16... Qb8 17. Bb5 ({Still it was necessary to care about her own king:} 17.
O-O-O) 17... Qb6 (17... Bc5 {was stronger:} 18. g5 hxg5 19. Rxg5 Bd4) 18. Kf1 (
{A good option was} 18. Na4 Qb8 19. g5) 18... Rab8 (18... Bc5 19. Rg2 Bd4) 19.
Nd2 a6 $2 ({Once more} 19... Bc5 {would be better.}) 20. Nc4 Qa7 21. Nxd6 $2 ({
It was necessary to block fully her opponent's counterplay with} 21. Bxd7 $1
Nxd7 22. b4) 21... cxd6 22. Bf2 (22. Bd3 {was safer:} Rfc8 23. Bf2 Qa8 24. Rg2)
22... Qb7 23. Bxa6 Qxb2 24. Qxb2 Rxb2 25. Re1 Ra8 {And suddenly the endgame is
totally lost for White - all pieces and the king are in the wrong places!} 26.
Bb5 Rxa3 27. Bxd7 Rxc3 28. Bf5 Bxf5 29. gxf5 Rxh3 30. Bg3 Rb3 31. Bf2 Rhf3 0-1